[Event "Remote Random-182 email"]
[Site "Remote email"]
[Date "2014.07.22"]
[Round "?"]
[White "Baer, Cy"]
[Black "Biskopp, Wolf Ulrich"]
[Result "0-1"]
[WhiteElo "1869"]
[BlackElo "2564"]
[PlyCount "52"]
[EventDate "2014.??.??"]
[EventType "tourn (corr)"]
[EventRounds "12"]
[EventCountry "GER"]
[SourceTitle "Corr 2015"]
[Source "ChessBase"]
[SourceDate "2015.07.17"]
[SourceVersion "1"]
[SourceVersionDate "2015.07.17"]
[SourceQuality "1"]

1. d4 d5 2. c4 e6 3. Nc3 Nf6 4. Bg5 Be7 5. e3 0-0 6. Nf3 h6 7. Bxf6 Bxf6 8. Rc1 c6 9. Bd3 Nd7 10. 0-0 dxc4 11. Bxc4 c5 12. Re1 b6 13. Nb5 Qe7 14. b3 a6 15. Nc3 Bb7 16. a3 Rfd8 17. Qe2 b5 18. Bd3 cxd4 19. exd4 Bxf3 20. gxf3 Bxd4 21. Qe4 Nf6 22. Qe2 Bxc3 23. Rxc3 Nd5 24. Rcc1 Qg5+ 25. Kh1 Nf4 26. Qf1 Nxd3 0-1

[Event "Remote S7E Easy-194 email"]
[Site "Remote email"]
[Date "2014.07.01"]
[Round "?"]
[White "Baer, Cy"]
[Black "Fischer, Juergen"]
[Result "1-0"]
[WhiteElo "1869"]
[BlackElo "1736"]
[PlyCount "47"]
[EventDate "2014.??.??"]
[EventType "tourn (corr)"]
[EventRounds "6"]
[EventCountry "GER"]
[SourceTitle "Corr 2015"]
[Source "ChessBase"]
[SourceDate "2015.07.17"]
[SourceVersion "1"]
[SourceVersionDate "2015.07.17"]
[SourceQuality "1"]

1. e4 c5 2. Bc4 e6 3. Nc3 d6 4. Nf3 Nc6 5. d4 cxd4 6. Nxd4 Nf6 7. Bg5 Ne5 8. f4 Nxc4 9. b3 Nb6 10. e5 Be7 11. exf6 gxf6 12. Bh4 f5 13. Bg3 d5 14. 0-0 a6 15. Qh5 Bd7 16. a4 Qc7 17. Nce2 Bd6 18. Bh4 Be7 19. Bxe7 Kxe7 20. Qg5+ Kd6 21. Qf6 Raf8 22. Nxf5+ Kc5 23. Qe7+ Kc6 24. Ned4# 1-0

[Event "Remote No Engine Nah2-18 email"]
[Site "Remote email"]
[Date "2014.06.28"]
[Round "?"]
[White "Baer, Cy"]
[Black "Mantau, Jan"]
[Result "0-1"]
[WhiteElo "1869"]
[BlackElo "2013"]
[PlyCount "40"]
[EventDate "2014.??.??"]
[EventType "tourn (corr)"]
[EventRounds "6"]
[EventCountry "GER"]
[SourceTitle "Corr 2015"]
[Source "ChessBase"]
[SourceDate "2015.07.17"]
[SourceVersion "1"]
[SourceVersionDate "2015.07.17"]
[SourceQuality "1"]

1. d4 Nf6 2. c4 g6 3. Nc3 Bg7 4. e4 0-0 5. Nf3 d6 6. Be3 Ng4 7. Be2 Nxe3 8. fxe3 Bh6 9. Qd3 Nd7 10. 0-0 c6 11. b4 b6 12. a4 e5 13. d5 c5 14. b5 f5 15. exf5 gxf5 16. h3 e4 17. Nxe4 fxe4 18. Qxe4 Nf6 19. Qd3 Qe7 20. e4 Qxe4 0-1

[Event "Remote S7E Easy-193 email"]
[Site "Remote email"]
[Date "2014.06.20"]
[Round "?"]
[White "Baer, Cy"]
[Black "Gottwald, Bernhard"]
[Result "1-0"]
[WhiteElo "1869"]
[BlackElo "1854"]
[PlyCount "77"]
[EventDate "2014.??.??"]
[EventType "tourn (corr)"]
[EventRounds "6"]
[EventCountry "GER"]
[SourceTitle "Corr 2015"]
[Source "ChessBase"]
[SourceDate "2015.07.17"]
[SourceVersion "1"]
[SourceVersionDate "2015.07.17"]
[SourceQuality "1"]

1. e4 e6 2. Bc4 d5 3. exd5 exd5 4. Qe2+ Be7 5. Bb3 Nf6 6. d4 0-0 7. Nf3 Nc6 8. 0-0 Bg4 9. Be3 Re8 10. h3 Bh5 11. Nbd2 Bd6 12. g3 Ne4 13. Bxd5 Bxg3 14. Bxe4 Qd6 15. a3 Bf4 16. c4 Rxe4 17. Nxe4 Qg6+ 18. Ng3 Bxg3 19. fxg3 Qxg3+ 20. Kh1 Re8 21. Rae1 Nxd4 22. Qg2 Bxf3 23. Rxf3 Qxg2+ 24. Kxg2 Nxf3 25. Kxf3 b6 26. Re2 f5 27. Bf4 Rxe2 28. Kxe2 c6 29. Bb8 a6 30. Ke3 Kf7 31. Kf4 g6 32. Ke5 b5 33. c5 a5 34. Kd6 f4 35. Kxc6 f3 36. Bg3 b4 37. Kd7 h5 38. c6 g5 39. c7 1-0

[Event "Remote S7E Easy-193 email"]
[Site "Remote email"]
[Date "2014.06.20"]
[Round "?"]
[White "Baer, Cy"]
[Black "Henkel, Phil"]
[Result "0-1"]
[WhiteElo "1869"]
[BlackElo "2034"]
[PlyCount "70"]
[EventDate "2014.??.??"]
[EventType "tourn (corr)"]
[EventRounds "6"]
[EventCountry "GER"]
[SourceTitle "Corr 2015"]
[Source "ChessBase"]
[SourceDate "2015.07.17"]
[SourceVersion "1"]
[SourceVersionDate "2015.07.17"]
[SourceQuality "1"]

1. e4 e6 2. d4 d5 3. e5 c5 4. Bb5+ Bd7 5. Bxd7+ Nxd7 6. c3 Qb6 7. Nf3 Rc8 8. 0-0 Ne7 9. b3 Nf5 10. Bb2 cxd4 11. cxd4 Be7 12. Nc3 0-0 13. g4 Nh6 14. h3 f6 15. Re1 fxe5 16. Nxe5 Nxe5 17. Rxe5 Bh4 18. f3 Bf6 19. f4 Bxe5 20. fxe5 Rf7 21. Qd3 Rcf8 22. Re1 Rf3 23. Re3 Rxe3 24. Qxe3 Qa6 25. Qe2 Qxe2 26. Nxe2 Rc8 27. Nc3 a6 28. Kf2 b5 29. b4 Rc4 30. Ke3 Rxb4 31. Ba3 Rc4 32. Bb2 Kf7 33. a3 Kg6 34. Kd3 Kg5 35. Bc1+ Kh4 0-1

[Event "Remote S7E-167 email"]
[Site "Remote email"]
[Date "2014.05.16"]
[Round "?"]
[White "Baer, Cy"]
[Black "Witt, Monika"]
[Result "1-0"]
[WhiteElo "1869"]
[BlackElo "1390"]
[PlyCount "57"]
[EventDate "2014.??.??"]
[EventType "tourn (corr)"]
[EventRounds "6"]
[EventCountry "GER"]
[SourceTitle "Corr 2015"]
[Source "ChessBase"]
[SourceDate "2015.07.17"]
[SourceVersion "1"]
[SourceVersionDate "2015.07.17"]
[SourceQuality "1"]

1. e4 e5 2. Bc4 Bc5 3. d3 Qf6 4. Nf3 c6 5. Bg5 Bb4+ 6. c3 Qd6 7. cxb4 Qxb4+ 8. Qd2 c5 9. Nc3 f6 10. Be3 Ne7 11. a3 Qa5 12. 0-0 a6 13. Rfb1 d5 14. b4 Qc7 15. Nxd5 Nxd5 16. Bxd5 Qd7 17. bxc5 Nc6 18. Rb6 Ne7 19. Bc4 g5 20. Rxf6 h6 21. Nxe5 Qc7 22. Bf7+ Kd8 23. Rd6+ Bd7 24. Be6 Ke8 25. Bxd7+ Kf8 26. Bxg5 hxg5 27. Rf6+ Kg7 28. Qxg5+ Ng6 29. Qxg6# 1-0

[Event "Remote S7E Easy-191 email"]
[Site "Remote email"]
[Date "2014.05.05"]
[Round "?"]
[White "Baer, Cy"]
[Black "Ziegert, Andreas"]
[Result "1-0"]
[WhiteElo "1869"]
[BlackElo "1546"]
[PlyCount "31"]
[EventDate "2014.??.??"]
[EventType "tourn (corr)"]
[EventRounds "6"]
[EventCountry "GER"]
[SourceTitle "Corr 2015"]
[Source "ChessBase"]
[SourceDate "2015.07.17"]
[SourceVersion "1"]
[SourceVersionDate "2015.07.17"]
[SourceQuality "1"]

1. e4 e5 2. Bc4 Nf6 3. Nc3 Bc5 4. Nf3 d6 5. d4 exd4 6. Nxd4 0-0 7. Bg5 Nbd7 8. 0-0 Qe8 9. Nf5 Qe5 10. Kh1 Nxe4 11. Nxe4 Qxe4 12. Ne7+ Kh8 13. Bd3 Qe5 14. Qh5 h6 15. f4 Nf6 16. fxe5 1-0

[Event "Remote Random-179 email"]
[Site "Remote email"]
[Date "2014.05.04"]
[Round "?"]
[White "Baer, Cy"]
[Black "Pieleck, Rudolf"]
[Result "1-0"]
[WhiteElo "1869"]
[BlackElo "1583"]
[PlyCount "85"]
[EventDate "2014.??.??"]
[EventType "tourn (corr)"]
[EventRounds "6"]
[EventCountry "GER"]
[SourceTitle "Corr 2015"]
[Source "ChessBase"]
[SourceDate "2015.07.17"]
[SourceVersion "1"]
[SourceVersionDate "2015.07.17"]
[SourceQuality "1"]

1. d4 Nf6 2. Nf3 e6 3. Bg5 Be7 4. c4 0-0 5. Nc3 Ng4 6. Bf4 d5 7. h3 Nf6 8. c5 Nc6 9. e3 Ne4 10. Ne5 Nxc3 11. bxc3 Nxe5 12. Bxe5 f6 13. Bg3 c6 14. Bd3 b6 15. Qh5 g6 16. Bxg6 hxg6 17. Qxg6+ Kh8 18. Bf4 f5 19. h4 Rf6 20. Be5 Qg8 21. Bxf6+ Bxf6 22. Qxf6+ Qg7 23. Qd8+ Kh7 24. Qg5 Qxg5 25. hxg5+ Kg6 26. f4 Ba6 27. Rh6+ Kf7 28. Kf2 Rg8 29. Rah1 Rg7 30. Rf6+ Ke7 31. Rhh6 Bc8 32. cxb6 axb6 33. a4 Bd7 34. Rh1 Be8 35. Rb1 b5 36. a5 Bd7 37. a6 Rg8 38. a7 Ra8 39. Ra1 Bc8 40. Rh6 Kf7 41. g6+ Kg7 42. Rh7+ Kxg6 43. Rc7 1-0

[Event "Remote S7E Schnell-102 email"]
[Site "Remote email"]
[Date "2014.04.22"]
[Round "?"]
[White "Baer, Cy"]
[Black "Klein, Werner"]
[Result "1-0"]
[WhiteElo "1792"]
[BlackElo "1724"]
[PlyCount "67"]
[EventDate "2014.??.??"]
[EventType "tourn (corr)"]
[EventRounds "6"]
[EventCountry "GER"]
[SourceTitle "Corr 2015"]
[Source "ChessBase"]
[SourceDate "2015.07.17"]
[SourceVersion "1"]
[SourceVersionDate "2015.07.17"]
[SourceQuality "1"]

1. e4 e5 2. Bc4 Nf6 3. d4 Bd6 4. Bg5 0-0 5. Nf3 Be7 6. Bxf6 Bxf6 7. dxe5 Bh4 8. g3 Be7 9. Nc3 d6 10. 0-0 c6 11. exd6 Bxd6 12. e5 Be7 13. a3 Bg4 14. Kg2 b5 15. Ba2 Qc8 16. Re1 Rd8 17. Qe2 a5 18. Rad1 b4 19. Nb1 c5 20. Qe4 Nc6 21. Nbd2 Bf5 22. Qf4 Be6 23. b3 a4 24. Nc4 Bxc4 25. Qxc4 Na5 26. Qf4 Qc6 27. bxa4 Rxd1 28. Qxf7+ Kh8 29. Rxd1 Re8 30. axb4 cxb4 31. e6 Qxa4 32. Rd7 h6 33. Qxe8+ Kh7 34. Qxe7 1-0

[Event "Remote S7E Schnell-102 email"]
[Site "Remote email"]
[Date "2014.04.22"]
[Round "?"]
[White "Baer, Cy"]
[Black "Tortoza, Carlos Alberto"]
[Result "1-0"]
[WhiteElo "1792"]
[BlackElo "1560"]
[PlyCount "43"]
[EventDate "2014.??.??"]
[EventType "tourn (corr)"]
[EventRounds "6"]
[EventCountry "GER"]
[SourceTitle "Corr 2015"]
[Source "ChessBase"]
[SourceDate "2015.07.17"]
[SourceVersion "1"]
[SourceVersionDate "2015.07.17"]
[SourceQuality "1"]

1. e4 e6 2. d4 d5 3. e5 Bb4+ 4. c3 Ba5 5. b4 Bb6 6. Qg4 g6 7. a4 a6 8. a5 Ba7 9. Bg5 Qd7 10. f4 h5 11. Qh4 Nc6 12. Nf3 Nce7 13. Bf6 Nxf6 14. Qxf6 0-0 15. Ng5 Nf5 16. Nd2 Qc6 17. Ra3 Ne3 18. Bd3 Nxg2+ 19. Kf2 Nh4 20. Nxf7 Nf5 21. Qxg6+ Ng7 22. Nh6+ 1-0

[Event "Remote Random-178 email"]
[Site "Remote email"]
[Date "2014.04.19"]
[Round "?"]
[White "Mantau, Jan"]
[Black "Baer, Cy"]
[Result "1-0"]
[WhiteElo "2013"]
[BlackElo "1869"]
[PlyCount "81"]
[EventDate "2014.??.??"]
[EventType "tourn (corr)"]
[EventRounds "6"]
[EventCountry "GER"]
[SourceTitle "Corr 2015"]
[Source "ChessBase"]
[SourceDate "2015.07.17"]
[SourceVersion "1"]
[SourceVersionDate "2015.07.17"]
[SourceQuality "1"]

1. e4 e5 2. a3 Nc6 3. Bc4 Nf6 4. d3 h6 5. Nf3 d6 6. h3 Be6 7. Nbd2 Qd7 8. Bxe6 fxe6 9. Nc4 b5 10. Ne3 Be7 11. Nh4 g5 12. Ng6 0-0-0 13. Nxh8 Rxh8 14. Bd2 Rf8 15. a4 b4 16. c3 d5 17. f3 Kb7 18. a5 a6 19. Qa4 Rb8 20. Nc2 b3 21. Qxb3+ Ka7 22. Qa2 Nh5 23. 0-0 Nf4 24. Be3+ d4 25. cxd4 exd4 26. Bxf4 gxf4 27. Rfc1 e5 28. Qc4 Bd6 29. b3 Ne7 30. Na3 c5 31. Qf7 Rg8 32. Kh2 Kb7 33. Nc4 Kc6 34. b4 Rg3 35. Nxd6 Kxd6 36. Qf6+ Qe6 37. bxc5+ Kd7 38. c6+ Kd6 39. Qxe6+ Kxe6 40. Rab1 Kd6 41. Rb8 1-0

[Event "Remote 7er 0103 email"]
[Site "Remote email"]
[Date "2014.04.05"]
[Round "?"]
[White "Cabrera Trujillo, Claudio Tomas"]
[Black "Baer, Cy"]
[Result "1/2-1/2"]
[WhiteElo "1882"]
[BlackElo "1869"]
[PlyCount "63"]
[EventDate "2014.??.??"]
[EventType "tourn (corr)"]
[EventRounds "6"]
[EventCountry "GER"]
[SourceTitle "Corr 2015"]
[Source "ChessBase"]
[SourceDate "2015.07.17"]
[SourceVersion "1"]
[SourceVersionDate "2015.07.17"]
[SourceQuality "1"]

1. e4 e5 2. d4 exd4 3. c3 g6 4. Nf3 Bg7 5. Bc4 Ne7 6. Bg5 0-0 7. 0-0 h6 8. Bf4 dxc3 9. Nxc3 Nbc6 10. Qd2 Kh7 11. Rad1 d6 12. Rfe1 Bg4 13. Qe3 Bxf3 14. Qxf3 Nd4 15. Qd3 a6 16. e5 Ndf5 17. exd6 cxd6 18. Bxd6 Nxd6 19. Qxd6 Qxd6 20. Rxd6 Nf5 21. Rb6 Bxc3 22. bxc3 Rac8 23. Bd3 Nh4 24. Rxb7 Rxc3 25. Bxa6 Nf5 26. a4 Kg7 27. Bb5 Rb3 28. Bc6 Ra3 29. Rb5 Nd4 30. Rc5 Nxc6 31. Rxc6 Rxa4 32. h3 1/2-1/2

[Event "Remote S7E Easy email"]
[Site "Remote email"]
[Date "2014.03.22"]
[Round "?"]
[White "Baer, Cy"]
[Black "Klein, Werner"]
[Result "1-0"]
[WhiteElo "1792"]
[BlackElo "1724"]
[PlyCount "35"]
[EventDate "2014.??.??"]
[EventType "tourn (corr)"]
[EventRounds "6"]
[EventCountry "GER"]
[SourceTitle "Corr 2015"]
[Source "ChessBase"]
[SourceDate "2015.07.17"]
[SourceVersion "1"]
[SourceVersionDate "2015.07.17"]
[SourceQuality "1"]

1. e4 e5 2. Bc4 Nf6 3. Nc3 Bb4 4. Nge2 0-0 5. a3 Bc5 6. b4 Bd4 7. Ng3 d6 8. 0-0 Bg4 9. Be2 Bxe2 10. Ngxe2 d5 11. Nxd4 exd4 12. Nxd5 Nxd5 13. exd5 Qxd5 14. Bb2 b6 15. Qg4 c5 16. d3 Qb3 17. cxb3 f5 18. Qf3 1-0

[Event "Remote Random-177 email"]
[Site "Remote email"]
[Date "2014.03.21"]
[Round "?"]
[White "Langschmidt, Dirk"]
[Black "Baer, Cy"]
[Result "1-0"]
[WhiteElo "1960"]
[BlackElo "1869"]
[PlyCount "45"]
[EventDate "2014.??.??"]
[EventType "tourn (corr)"]
[EventRounds "6"]
[EventCountry "GER"]
[SourceTitle "Corr 2015"]
[Source "ChessBase"]
[SourceDate "2015.07.17"]
[SourceVersion "1"]
[SourceVersionDate "2015.07.17"]
[SourceQuality "1"]

1. c4 g6 2. Nc3 Bg7 3. g3 Nf6 4. e4 e5 5. d4 exd4 6. Qxd4 Nc6 7. Qd2 0-0 8. Bg2 Ne5 9. b3 c6 10. Ba3 Re8 11. Bd6 b6 12. h3 Re6 13. f4 Neg4 14. hxg4 Ne8 15. Ba3 c5 16. 0-0-0 Bb7 17. e5 Rb8 18. Bd5 Bxd5 19. cxd5 Re7 20. Qh2 h6 21. d6 Re6 22. Nd5 Rb7 23. Nf3 1-0

[Event "Remote S7E Easy email"]
[Site "Remote email"]
[Date "2014.02.26"]
[Round "?"]
[White "Fischer, Juergen"]
[Black "Baer, Cy"]
[Result "0-1"]
[WhiteElo "1713"]
[BlackElo "1792"]
[PlyCount "102"]
[EventDate "2014.??.??"]
[EventType "tourn (corr)"]
[EventRounds "6"]
[EventCountry "GER"]
[SourceTitle "Corr 2015"]
[Source "ChessBase"]
[SourceDate "2015.07.17"]
[SourceVersion "1"]
[SourceVersionDate "2015.07.17"]
[SourceQuality "1"]

1. e4 e5 2. Nf3 Nc6 3. d4 d6 4. Bc4 Bg4 5. Be2 Bxf3 6. Bxf3 Nxd4 7. 0-0 Nf6 8. c3 Ne6 9. Be3 g6 10. b3 Bg7 11. Nd2 0-0 12. b4 b5 13. Nb3 c6 14. a3 Qe7 15. Na5 Rfc8 16. Qd2 c5 17. Rfd1 Ne8 18. Qd5 N6c7 19. Qd2 c4 20. Nc6 Qd7 21. Nxa7 Rcb8 22. h3 Ne6 23. Bg4 Rxa7 24. Bxa7 Qxa7 25. h4 Nf4 26. g3 Nd3 27. Rf1 Nf6 28. Bf3 d5 29. exd5 e4 30. Be2 Nxd5 31. Ra2 Bxc3 32. Qg5 f5 33. h5 Bf6 34. Qd2 c3 35. Qd1 N5xb4 36. axb4 Qxa2 37. Bxd3 exd3 38. Qxd3 c2 39. Rc1 Rc8 40. Qxb5 Bg5 41. Qd7 Qc4 42. f4 Bf6 43. b5 Bd4+ 44. Kh2 Qe2+ 45. Kh3 Qxh5+ 46. Kg2 Qe2+ 47. Kh3 Re8 48. Qxd4 Qg4+ 49. Kg2 Re2+ 50. Kf1 Qf3+ 51. Qf2 Qxf2# 0-1

[Event "Remote S7E Easy email"]
[Site "Remote email"]
[Date "2014.01.21"]
[Round "?"]
[White "Baer, Cy"]
[Black "Henkel, Phil"]
[Result "0-1"]
[WhiteElo "1792"]
[BlackElo "1996"]
[PlyCount "84"]
[EventDate "2014.??.??"]
[EventType "tourn (corr)"]
[EventRounds "6"]
[EventCountry "GER"]
[SourceTitle "Corr 2015"]
[Source "ChessBase"]
[SourceDate "2015.07.17"]
[SourceVersion "1"]
[SourceVersionDate "2015.07.17"]
[SourceQuality "1"]

1. e4 e6 2. d4 c5 3. Nf3 cxd4 4. Nxd4 Nc6 5. Nxc6 bxc6 6. c4 Bc5 7. Nc3 Qf6 8. Qc2 Nh6 9. Bxh6 Qxh6 10. Bd3 0-0 11. 0-0 Bd6 12. g3 Bc7 13. f4 Bb7 14. Rae1 d5 15. cxd5 exd5 16. exd5 Bb6+ 17. Kg2 cxd5 18. Re7 Rab8 19. Rfe1 d4+ 20. Ne4 f5 21. Rxb7 Rxb7 22. Ng5 Rc7 23. Qb3+ Kh8 24. Re6 g6 25. Rxb6 axb6 26. Ne6 Rc6 27. Qd5 Rxe6 28. Qxe6 Qg7 29. Qxb6 Qd7 30. Qc5 Re8 31. Bb5 Qb7+ 32. Kh3 Rd8 33. Bd3 Kg7 34. Qe5+ Kh6 35. Bxf5 Rd5 36. Qe4 gxf5 37. Qe6+ Kg7 38. b3 d3 39. Qe1 d2 40. Qa1+ Kg8 41. Qf6 d1Q 42. Qe6+ Kg7 0-1

[Event "Remote Random-173 email"]
[Site "Remote email"]
[Date "2014.01.21"]
[Round "?"]
[White "Baer, Cy"]
[Black "Langschmidt, Dirk"]
[Result "0-1"]
[WhiteElo "1792"]
[BlackElo "1944"]
[PlyCount "54"]
[EventDate "2014.??.??"]
[EventType "tourn (corr)"]
[EventRounds "14"]
[EventCountry "GER"]
[SourceTitle "Corr 2015"]
[Source "ChessBase"]
[SourceDate "2015.07.17"]
[SourceVersion "1"]
[SourceVersionDate "2015.07.17"]
[SourceQuality "1"]

1. Nf3 Nf6 2. c4 c5 3. g3 b6 4. Bg2 Bb7 5. b3 e6 6. 0-0 Be7 7. Bb2 0-0 8. Nc3 d6 9. d4 Qc8 10. e3 Rd8 11. Qc2 Na6 12. a3 d5 13. cxd5 Nxd5 14. dxc5 Nxc5 15. b4 Nd7 16. e4 N5f6 17. Rfe1 a5 18. e5 Nd5 19. Rac1 axb4 20. axb4 Nxb4 21. Qb1 Nc5 22. Ne4 Nbd3 23. Nxc5 bxc5 24. Re3 Nxc1 25. Qxc1 Ra2 26. Rb3 Bd5 27. Ra3 Qb7 0-1

[Event "Remote Random-173 email"]
[Site "Remote email"]
[Date "2014.01.21"]
[Round "?"]
[White "Buchmann, Hans Peter"]
[Black "Baer, Cy"]
[Result "1-0"]
[WhiteElo "2148"]
[BlackElo "1792"]
[PlyCount "49"]
[EventDate "2014.??.??"]
[EventType "tourn (corr)"]
[EventRounds "14"]
[EventCountry "GER"]
[SourceTitle "Corr 2015"]
[Source "ChessBase"]
[SourceDate "2015.07.17"]
[SourceVersion "1"]
[SourceVersionDate "2015.07.17"]
[SourceQuality "1"]

1. Nf3 Nf6 2. c4 c5 3. g3 b6 4. Bg2 Bb7 5. b3 e6 6. 0-0 Be7 7. Bb2 0-0 8. Nc3 d6 9. Re1 Nc6 10. e3 Nb4 11. d4 Nc6 12. d5 exd5 13. cxd5 Nb4 14. h3 Nbxd5 15. Nxd5 Bxd5 16. Bxf6 Bxf3 17. Bxe7 Bxd1 18. Bxd8 Raxd8 19. Raxd1 Rfe8 20. Bc6 Re6 21. f4 Rh6 22. Kg2 Re6 23. e4 Kf8 24. e5 Ke7 25. Bd5 1-0